Counties in Maine - Statistics

General Stats
  • This quiz has been taken 9 times
  • The average score is 12 of 16
Answers on the Grid
Answers color-coded by a green-red scale on the quiz's grid according to % correct below.
Moosehead
Downeast
Cumberland
Abenaki
Androscoggin
York
Lewis
Plymouth
Kennebec
Carroll
Sagadahoc
Lincoln
Waldo
Penobscot
Knox
Machias
Oxford
Hartford
Hancock
Fore
Bar Harbor
Franklin
Somerset
Adams
Hamilton
Augusta
Aroostock
Colby
Wahington
Piscataquis
Windsor
Greene
 
Answer Stats
Answer % Correct
Androscoggin
100%
York
100%
Cumberland
86%
Hancock
86%
Kennebec
86%
Aroostock
71%
Knox
71%
Lincoln
71%
Penobscot
71%
Piscataquis
71%
Sagadahoc
71%
Wahington
71%
Waldo
71%
Franklin
57%
Oxford
57%
Somerset
43%
No matching quizzes found
Score Distribution
Percent of People with Each Score
Percentile by Number Answered
Your Score History
You have not taken this quiz